[Event "POL-chT 2nd League"]
[Site "Jastrzebia Gora"]
[Date "2016.09.09"]
[Round "7.10"]
[White "Karbowiak, Adam"]
[Black "Gmaj, Krzysztof"]
[Result "0-1"]
[WhiteElo "2114"]
[BlackElo "2192"]
[PlyCount "68"]
[EventDate "2016.09.03"]
[EventType "team-swiss"]
[EventRounds "9"]
[EventCountry "POL"]
[SourceTitle "EXT 2017"]
[Source "ChessBase"]
[SourceDate "2016.10.25"]
[SourceVersion "1"]
[SourceVersionDate "2016.10.25"]
[SourceQuality "1"]
[WhiteTeam "Rotmistrz"]
[BlackTeam "Dabrowa Gornicza Zaglebie II"]
[WhiteTeamCountry "POL"]
[BlackTeamCountry "POL"]

1. Nf3 f5 2. d4 Nf6 3. g3 g6 4. b4 c6 5. Bb2 Bg7 6. Bg2 Ne4 7. c4 d5 8. Qb3 Be6 9. c5 Nd7 10. Nc3 h6 11. 0-0 0-0 12. Nxe4 fxe4 13. Nd2 Bf7 14. f3 exf3 15. exf3 e5 16. Rae1 exd4 17. f4 a5 18. a3 axb4 19. axb4 b6 20. cxb6 Qxb6 21. Re7 Nf6 22. Rc1 Rfe8 23. Rxe8+ Rxe8 24. Qd3 Ng4 25. Nf3 Re3 26. Bxd4 Rxf3 27. Bxf3 Bxd4+ 28. Kg2 Bb2 29. Bxg4 Bxc1 30. Be6 Kf8 31. Bxf7 Kxf7 32. Qc3 Qe3 33. Qxc6 Qe2+ 34. Kh3 Qe6+ 0-1

[Event "POL-chT 2nd League"]
[Site "Jastrzebia Gora"]
[Date "2016.09.07"]
[Round "5.28"]
[White "Karbowiak, Adam"]
[Black "Wisniewski, Adam"]
[Result "1/2-1/2"]
[WhiteElo "2114"]
[BlackElo "1915"]
[PlyCount "101"]
[EventDate "2016.09.03"]
[EventType "team-swiss"]
[EventRounds "9"]
[EventCountry "POL"]
[SourceTitle "EXT 2017"]
[Source "ChessBase"]
[SourceDate "2016.10.25"]
[SourceVersion "1"]
[SourceVersionDate "2016.10.25"]
[SourceQuality "1"]
[WhiteTeam "Rotmistrz"]
[BlackTeam "Bydgoszcz Hetman"]
[WhiteTeamCountry "POL"]
[BlackTeamCountry "POL"]

1. Nf3 Nf6 2. g3 g6 3. b4 Bg7 4. Bb2 0-0 5. c4 d6 6. Bg2 e5 7. d3 Nc6 8. b5 Ne7 9. 0-0 h6 10. Nbd2 Be6 11. Qc2 Qd7 12. Rfd1 Bh3 13. Bh1 Ng4 14. d4 exd4 15. Bxd4 Qf5 16. Qxf5 Nxf5 17. Bxg7 Kxg7 18. Ne4 Nf6 19. Nd4 Nxd4 20. Rxd4 Nxe4 21. Bxe4 Rae8 22. Re1 Bc8 23. Bf3 Re5 24. Red1 Rfe8 25. R1d3 a6 26. a4 Rc5 27. e3 axb5 28. cxb5 b6 29. Bc6 Re7 30. Bd5 Bf5 31. Rd2 Bh3 32. Rc4 Rxc4 33. Bxc4 Re4 34. Rc2 Re5 35. Bf1 Bxf1 36. Kxf1 Re7 37. Ke2 Kf6 38. h4 Ke6 39. Kd3 f5 40. e4 fxe4+ 41. Kxe4 Kd7+ 42. Kd4 Re1 43. Ra2 Rc1 44. Rb2 Ra1 45. Rb4 Rd1+ 46. Ke3 Re1+ 47. Kd2 Re6 48. Rf4 Ke7 49. Rc4 Kd7 50. Rf4 Ke7 51. Rc4 1/2-1/2

[Event "Lazy op 12th"]
[Site "Lazy"]
[Date "2016.06.28"]
[Round "3"]
[White "Wacior, Maciej"]
[Black "Karbowiak, Adam"]
[Result "1-0"]
[WhiteElo "2037"]
[BlackElo "2128"]
[PlyCount "79"]
[EventDate "2016.06.26"]
[EventType "swiss"]
[EventRounds "9"]
[EventCountry "POL"]
[SourceTitle "CBM 173 Extra"]
[Source "ChessBase"]
[SourceDate "2016.08.29"]
[SourceVersion "1"]
[SourceVersionDate "2016.08.29"]
[SourceQuality "1"]

1. d4 g6 2. Nf3 Bg7 3. Bf4 Nf6 4. e3 0-0 5. h3 d6 6. Bc4 Nc6 7. c3 Nd7 8. a4 e5 9. Bh2 Kh8 10. Nbd2 f5 11. 0-0 h6 12. a5 g5 13. b4 f4 14. b5 Ne7 15. Nxg5 Qe8 16. Ne6 Qg6 17. Nxf8 Nxf8 18. Kh1 Nf5 19. Bd3 Nxe3 20. Bxg6 Nxd1 21. Raxd1 Nxg6 22. Nb3 Bf5 23. Rd2 e4 24. Re1 d5 25. Nc5 b6 26. Na6 Rc8 27. Nb4 Be6 28. Nc6 bxa5 29. Ra2 Bf6 30. Rxa5 Bh4 31. Bg1 f3 32. gxf3 Bxh3 33. fxe4 Nf4 34. Bh2 Nd3 35. Be5+ Kh7 36. Rg1 h5 37. Rg7+ Kh6 38. Rf7 Nxf2+ 39. Kh2 Be6 40. Bf4+ 1-0

[Event "POL-chT 2nd League"]
[Site "Jastrzebia Gora"]
[Date "2015.09.07"]
[Round "3.22"]
[White "Karbowiak, Adam"]
[Black "Zurkowski, Andrzej"]
[Result "1-0"]
[WhiteElo "2153"]
[BlackElo "2086"]
[PlyCount "119"]
[EventDate "2015.09.05"]
[EventType "team-swiss"]
[EventRounds "9"]
[EventCountry "POL"]
[SourceTitle "EXT 2017"]
[Source "ChessBase"]
[SourceDate "2016.10.25"]
[SourceVersion "1"]
[SourceVersionDate "2016.10.25"]
[SourceQuality "1"]
[WhiteTeam "Grudziadz Rotmistrz II"]
[BlackTeam "Debica Gryf"]
[WhiteTeamCountry "POL"]
[BlackTeamCountry "POL"]

1. Nf3 d5 2. g3 c6 3. Bg2 Bg4 4. 0-0 Nd7 5. d4 e6 6. c4 Bd6 7. Nc3 Ngf6 8. Qb3 Qb6 9. c5 Qxb3 10. axb3 Bc7 11. b4 0-0 12. b5 e5 13. bxc6 bxc6 14. dxe5 Bxe5 15. Nxe5 Nxe5 16. h3 Bc8 17. f4 Ned7 18. b4 Rb8 19. b5 d4 20. bxc6 dxc3 21. cxd7 Bxd7 22. c6 Bf5 23. Rxa7 Rfe8 24. c7 Rbc8 25. g4 Be4 26. Bxe4 Nxe4 27. Rd1 h5 28. Kg2 Kh7 29. Kf3 Re7 30. Rd4 Nd2+ 31. Bxd2 cxd2 32. Rxd2 hxg4+ 33. hxg4 Rexc7 34. Rd7 Rxa7 35. Rxa7 f6 36. Ra5 Rc7 37. g5 Kg6 38. Kg4 Kf7 39. Kh5 Re7 40. g6+ Ke6 41. Kg4 Kd6 42. Kf5 Rxe2 43. Ra6+ Ke7 44. Ra7+ Kf8 45. Ra8+ Re8 46. Rxe8+ Kxe8 47. Ke6 Kf8 48. Kd7 Kg8 49. Ke7 f5 50. Ke8 Kh8 51. Kd7 Kg8 52. Ke7 Kh8 53. Ke6 Kg8 54. Kxf5 Kf8 55. Ke6 Ke8 56. f5 Kf8 57. Kd7 Kg8 58. Ke7 Kh8 59. f6 gxf6 60. Kf7 1-0

[Event "POL-chT 2nd League"]
[Site "Jastrzebia Gora"]
[Date "2015.09.06"]
[Round "2.28"]
[White "Wisniewski, Szymon"]
[Black "Karbowiak, Adam"]
[Result "1-0"]
[WhiteElo "1847"]
[BlackElo "2153"]
[PlyCount "52"]
[EventDate "2015.09.05"]
[EventType "team-swiss"]
[EventRounds "9"]
[EventCountry "POL"]
[SourceTitle "EXT 2017"]
[Source "ChessBase"]
[SourceDate "2016.10.25"]
[SourceVersion "1"]
[SourceVersionDate "2016.10.25"]
[SourceQuality "1"]
[WhiteTeam "Bydgoszcz Hetman"]
[BlackTeam "Grudziadz Rotmistrz II"]
[WhiteTeamCountry "POL"]
[BlackTeamCountry "POL"]

1. e4 e6 2. d4 d5 3. Nc3 dxe4 4. Nxe4 Bd7 5. Bd3 Bc6 6. Nf3 Nd7 7. b3 Ngf6 8. Ng3 Bb4+ 9. Bd2 Bxf3 10. Qxf3 Bxd2+ 11. Kxd2 c6 12. c3 0-0 13. Nh5 Qa5 14. Nxf6+ Nxf6 15. b4 Qc7 16. g4 Rfd8 17. Kc2 a5 18. a3 e5 19. g5 Nd7 20. Rhe1 axb4 21. cxb4 g6 22. dxe5 Nxe5 23. Qf4 Qd6 24. Rad1 Nxd3 25. Re8+ Kg7 26. Qxd6 Ne5 1-0

[Event "POL-chT 2nd League"]
[Site "Jastrzebia Gora"]
[Date "2015.09.05"]
[Round "1.28"]
[White "Karbowiak, Adam"]
[Black "Walaszczyk, Witold"]
[Result "0-1"]
[WhiteElo "2153"]
[BlackElo "2143"]
[PlyCount "72"]
[EventDate "2015.09.05"]
[EventType "team-swiss"]
[EventRounds "9"]
[EventCountry "POL"]
[SourceTitle "EXT 2017"]
[Source "ChessBase"]
[SourceDate "2016.10.25"]
[SourceVersion "1"]
[SourceVersionDate "2016.10.25"]
[SourceQuality "1"]
[WhiteTeam "Grudziadz Rotmistrz II"]
[BlackTeam "Konin Hetman"]
[WhiteTeamCountry "POL"]
[BlackTeamCountry "POL"]

1. Nf3 d5 2. g3 Nf6 3. Bg2 Bf5 4. 0-0 e6 5. d3 Be7 6. c4 c6 7. Be3 0-0 8. Nc3 Bg4 9. Qb3 b6 10. cxd5 exd5 11. Ne5 Be6 12. d4 Ng4 13. Nxg4 Bxg4 14. Rac1 Qd7 15. Rfd1 Bd6 16. a3 b5 17. f3 Bh3 18. Bf2 Bxg2 19. Kxg2 a5 20. e4 b4 21. Na4 bxa3 22. bxa3 dxe4 23. fxe4 Qe7 24. Re1 Bxa3 25. Rc4 Bb4 26. Re3 Qe6 27. Kg1 Nd7 28. d5 cxd5 29. exd5 Qf6 30. Kg2 Rac8 31. Nb2 Qf5 32. Rf3 Qb1 33. Bd4 Qe4 34. Nd3 Rxc4 35. Qxc4 Nb6 36. Nf2 Qxf3+ 0-1

[Event "NATO-ch 26th"]
[Site "Amsterdam"]
[Date "2015.07.08"]
[Round "4.16"]
[White "Karbowiak, Adam"]
[Black "Mottais, Francois"]
[Result "1-0"]
[WhiteElo "2139"]
[BlackElo "2013"]
[PlyCount "49"]
[EventDate "2015.07.06"]
[EventType "swiss"]
[EventRounds "7"]
[EventCountry "NED"]
[SourceTitle "EXT 2016"]
[Source "ChessBase"]
[SourceDate "2015.10.08"]
[SourceVersion "1"]
[SourceVersionDate "2015.10.08"]
[SourceQuality "1"]
[WhiteTeam "Poland"]
[BlackTeam "France"]
[WhiteTeamCountry "POL"]
[BlackTeamCountry "FRA"]

1. Nf3 d5 2. g3 Nc6 3. d4 Bg4 4. Bg2 Qd7 5. c4 e6 6. cxd5 exd5 7. Nc3 0-0-0 8. 0-0 f6 9. Be3 h5 10. Qa4 Bh3 11. Rfc1 Bxg2 12. Kxg2 Kb8 13. b4 Bxb4 14. Rab1 Bxc3 15. Rxc3 Ka8 16. h4 g5 17. hxg5 h4 18. Qb5 Rb8 19. gxh4 fxg5 20. Bxg5 Qg4+ 21. Kf1 Qh3+ 22. Ke1 Nxd4 23. Qb2 Nxf3+ 24. Rxf3 Qg4 25. Qxb7+ 1-0

[Event "NATO-ch 25th"]
[Site "Quebec"]
[Date "2014.09.10"]
[Round "4"]
[White "Mottais, Francois"]
[Black "Karbowiak, Adam"]
[Result "1/2-1/2"]
[WhiteElo "2035"]
[BlackElo "2088"]
[PlyCount "83"]
[EventDate "2014.09.08"]
[EventType "team-swiss"]
[EventRounds "7"]
[EventCountry "CAN"]
[SourceTitle "EXT 2015"]
[Source "ChessBase"]
[SourceDate "2014.11.20"]
[SourceVersion "1"]
[SourceVersionDate "2014.11.20"]
[SourceQuality "1"]
[WhiteTeam "France"]
[BlackTeam "Poland"]
[WhiteTeamCountry "FRA"]
[BlackTeamCountry "POL"]

1. d4 g6 2. c4 Bg7 3. Nc3 c5 4. d5 Bxc3+ 5. bxc3 f5 6. h4 Qa5 7. h5 gxh5 8. e4 Qxc3+ 9. Bd2 Qe5 10. Qxh5+ Kd8 11. Rc1 Nf6 12. Qxf5 Qxe4+ 13. Qxe4 Nxe4 14. Bd3 Nxd2 15. Kxd2 h6 16. g4 d6 17. g5 h5 18. Re1 Bg4 19. f3 Bc8 20. Nh3 Nd7 21. Re6 Ne5 22. Rh6 Rf8 23. g6 Kc7 24. f4 Nxd3 25. Kxd3 Bxh3 26. Rxh3 Rxf4 27. R3xh5 Rg4 28. Rh7 Kd7 29. Rg7 Re8 30. Rh3 Rd4+ 31. Kc3 Re4 32. Rg3 Rh8 33. Rf7 Rg8 34. Rh7 Rf4 35. Re3 Re8 36. Rg3 Rf6 37. Rg7 Kd8 38. Re3 Kd7 39. Kd3 Rf4 40. Rg3 Rd4+ 41. Kc3 Rf4 42. Kd3 1/2-1/2

[Event "POL-chT2"]
[Site "Poronin"]
[Date "2013.09.15"]
[Round "9.16"]
[White "Perdek, Miroslaw"]
[Black "Karbowiak, Adam"]
[Result "1/2-1/2"]
[WhiteElo "2245"]
[BlackElo "2159"]
[PlyCount "53"]
[EventDate "2013.09.06"]
[EventType "team-swiss"]
[EventRounds "9"]
[EventCountry "POL"]
[SourceTitle "EXT 2015"]
[Source "ChessBase"]
[SourceDate "2014.11.20"]
[SourceVersion "1"]
[SourceVersionDate "2014.11.20"]
[SourceQuality "1"]
[WhiteTeam "Wroclaw KS Polonia Votum II"]
[BlackTeam "Grudziadz Rotmistrz II"]
[WhiteTeamCountry "POL"]
[BlackTeamCountry "POL"]

1. Nf3 g6 2. d4 Bg7 3. e4 d6 4. Nc3 a6 5. a4 Nf6 6. Be2 0-0 7. 0-0 Nc6 8. d5 Nb4 9. Re1 c6 10. dxc6 bxc6 11. Bg5 h6 12. Bh4 g5 13. Bg3 Nh5 14. Qd2 f5 15. exf5 Nxg3 16. hxg3 Bxf5 17. Rac1 e5 18. Ne4 Bxe4 19. Qxb4 Bg6 20. Qc4+ Kh8 21. Qxc6 e4 22. Nh2 Rc8 23. Qxa6 Ra8 24. Qc6 Rc8 25. Qa6 Ra8 26. Qc6 Rc8 27. Qa6 1/2-1/2

[Event "POL-chT2"]
[Site "Poronin"]
[Date "2013.09.14"]
[Round "8.34"]
[White "Karbowiak, Adam"]
[Black "Czachor, Radoslaw"]
[Result "1/2-1/2"]
[WhiteElo "2159"]
[BlackElo "1989"]
[PlyCount "112"]
[EventDate "2013.09.06"]
[EventType "team-swiss"]
[EventRounds "9"]
[EventCountry "POL"]
[SourceTitle "EXT 2015"]
[Source "ChessBase"]
[SourceDate "2014.11.20"]
[SourceVersion "1"]
[SourceVersionDate "2014.11.20"]
[SourceQuality "1"]
[WhiteTeam "Grudziadz Rotmistrz II"]
[BlackTeam "Wroclaw AZS Politechnika"]
[WhiteTeamCountry "POL"]
[BlackTeamCountry "POL"]

1. Nf3 Nf6 2. c4 g6 3. b4 Bg7 4. Bb2 d6 5. g3 e5 6. d3 0-0 7. Bg2 Nbd7 8. 0-0 a5 9. a3 axb4 10. axb4 Rxa1 11. Bxa1 Re8 12. Nc3 Nf8 13. e3 Nh5 14. d4 f5 15. dxe5 dxe5 16. Qxd8 Rxd8 17. Nd5 e4 18. Ne5 Re8 19. f4 exf3 20. Nxf3 c6 21. Nb6 Be6 22. Bxg7 Kxg7 23. Ra1 Kf6 24. Ra7 Rb8 25. Nd4 Nd7 26. Nxc6 bxc6 27. Nxd7+ Bxd7 28. Rxd7 Rxb4 29. Rd6+ Ke5 30. Rxc6 Nf6 31. Rc5+ Kd6 32. Rc8 Ng4 33. Ba8 Rb1+ 34. Kg2 Rb2+ 35. Kf1 Kd7 36. Rh8 Rxh2 37. Kg1 Ra2 38. c5 Ra1+ 39. Kg2 Nxe3+ 40. Kf3 Nc4 41. Bd5 Ne5+ 42. Ke2 Rc1 43. Rxh7+ Kd8 44. Rh8+ Ke7 45. Rh7+ Kf6 46. Rc7 Rc2+ 47. Kf1 Ng4 48. Bb7 Ke6 49. Rc8 Ne3+ 50. Kg1 Nd5 51. Bxd5+ Kxd5 52. Rg8 Rxc5 53. Rxg6 Rc2 54. Ra6 Ke4 55. Ra5 Rd2 56. Rb5 Kf3 1/2-1/2

[Event "POL-chT2"]
[Site "Poronin"]
[Date "2013.09.07"]
[Round "1.64"]
[White "Jelonek, Michal"]
[Black "Karbowiak, Adam"]
[Result "1-0"]
[WhiteElo "2025"]
[BlackElo "2159"]
[PlyCount "71"]
[EventDate "2013.09.06"]
[EventType "team-swiss"]
[EventRounds "9"]
[EventCountry "POL"]
[SourceTitle "EXT 2015"]
[Source "ChessBase"]
[SourceDate "2014.11.20"]
[SourceVersion "1"]
[SourceVersionDate "2014.11.20"]
[SourceQuality "1"]
[WhiteTeam "Ruda Slaska KS DORS"]
[BlackTeam "Grudziadz Rotmistrz II"]
[WhiteTeamCountry "POL"]
[BlackTeamCountry "POL"]

1. Nf3 Nf6 2. c4 g6 3. g3 Bg7 4. Bg2 0-0 5. 0-0 d6 6. Nc3 e5 7. d3 a6 8. Rb1 h6 9. b4 Nh5 10. Bb2 Nc6 11. Nd5 Be6 12. a4 Rb8 13. b5 Ne7 14. Nd2 axb5 15. axb5 Qd7 16. Nxe7+ Qxe7 17. Ra1 Qd7 18. Ra7 Bh3 19. Bxb7 Bxf1 20. Nxf1 Nf6 21. Bc6 Qe7 22. Ne3 h5 23. Bc3 Bh6 24. Nd5 Nxd5 25. Bxd5 Qd8 26. Ba5 Rc8 27. Qf1 Kh8 28. Qg2 f5 29. Be6 Ra8 30. Rxa8 Qxa8 31. Qxa8 Rxa8 32. Bxc7 h4 33. Kg2 hxg3 34. hxg3 Ra2 35. b6 Rxe2 36. b7 1-0

[Event "NATO-ch 24th"]
[Site "Rynia"]
[Date "2013.08.14"]
[Round "5"]
[White "Karbowiak, Adam"]
[Black "Kocur, Marc"]
[Result "1/2-1/2"]
[WhiteElo "2167"]
[BlackElo "1866"]
[PlyCount "81"]
[EventDate "2013.08.12"]
[EventType "swiss"]
[EventRounds "7"]
[EventCountry "POL"]
[SourceTitle "CBM 156 Extra"]
[Source "ChessBase"]
[SourceDate "2013.10.22"]
[SourceVersion "1"]
[SourceVersionDate "2013.10.22"]
[SourceQuality "1"]

1. Nf3 d6 2. g3 c5 3. c4 Nc6 4. Bg2 g6 5. 0-0 Bg7 6. Nc3 e5 7. a3 Nge7 8. Rb1 a5 9. d3 0-0 10. Nd5 Nxd5 11. cxd5 Ne7 12. Ne1 b6 13. b4 axb4 14. axb4 Bd7 15. Bb2 Ba4 16. Qd2 Qc7 17. f4 Bh6 18. e3 exf4 19. gxf4 Nf5 20. Nf3 Qe7 21. e4 Nh4 22. Qc3 Nxf3+ 23. Rxf3 f6 24. Ra1 Bg7 25. Bh3 Bd7 26. Bxd7 Rxa1+ 27. Bxa1 Qxd7 28. f5 Qa4 29. bxc5 Qd1+ 30. Rf1 Qg4+ 31. Kh1 Qe2 32. Qe1 Qxe1 33. Rxe1 bxc5 34. fxg6 hxg6 35. Bc3 f5 36. Bxg7 Kxg7 37. Kg2 fxe4 38. dxe4 Kf6 39. Rf1+ Ke7 40. Re1 Kf6 41. Rf1+ 1/2-1/2

[Event "NATO-ch 24th"]
[Site "Rynia"]
[Date "2013.08.13"]
[Round "3"]
[White "Karbowiak, Adam"]
[Black "Drabke, Lorenz Maximilian"]
[Result "0-1"]
[WhiteElo "2167"]
[BlackElo "2431"]
[PlyCount "38"]
[EventDate "2013.08.12"]
[EventType "swiss"]
[EventRounds "7"]
[EventCountry "POL"]
[SourceTitle "CBM 156 Extra"]
[Source "ChessBase"]
[SourceDate "2013.10.22"]
[SourceVersion "1"]
[SourceVersionDate "2013.10.22"]
[SourceQuality "1"]

1. Nf3 d5 2. g3 c6 3. Bg2 Bg4 4. 0-0 Nd7 5. d4 e6 6. b3 Bd6 7. c4 Ne7 8. Nc3 0-0 9. Re1 f5 10. Ng5 f4 11. f3 Ng6 12. Nh3 Bxh3 13. Bxh3 fxg3 14. Bxe6+ Kh8 15. cxd5 cxd5 16. e4 Nh4 17. e5 Nxe5 18. Rxe5 Bxe5 19. Bxd5 Bxd4+ 0-1

[Event "NATO-ch 24th"]
[Site "Rynia"]
[Date "2013.08.12"]
[Round "1"]
[White "Patron, Pascal"]
[Black "Karbowiak, Adam"]
[Result "0-1"]
[WhiteElo "1978"]
[BlackElo "2167"]
[PlyCount "65"]
[EventDate "2013.08.12"]
[EventType "swiss"]
[EventRounds "7"]
[EventCountry "POL"]
[SourceTitle "CBM 156 Extra"]
[Source "ChessBase"]
[SourceDate "2013.10.22"]
[SourceVersion "1"]
[SourceVersionDate "2013.10.22"]
[SourceQuality "1"]

1. e4 e6 2. d4 d5 3. Nc3 dxe4 4. Nxe4 Bd7 5. Nf3 Bc6 6. Bd3 Nd7 7. 0-0 Ngf6 8. Qe2 Be7 9. Neg5 Bxf3 10. Qxf3 c6 11. Qh3 Nd5 12. Qg3 N7f6 13. Re1 0-0 14. Rxe6 fxe6 15. Nxe6 Nh5 16. Qh3 Qe8 17. Nxf8 Bxf8 18. Bd2 g6 19. Re1 Qf7 20. Bc4 Re8 21. Bb3 b5 22. Kf1 Bg7 23. c3 Nhf6 24. a4 a6 25. Ra1 Ne4 26. Be1 h6 27. axb5 axb5 28. Ra6 Ng5 29. Qd3 Kh7 30. Rxc6 Rxe1+ 31. Kxe1 Qe8+ 32. Kd1 Qxc6 33. Bc2 0-1

[Event "NATO-ch 23nd"]
[Site "Brest"]
[Date "2012.10.05"]
[Round "7"]
[White "Karbowiak, Adam"]
[Black "Drabke, Lorenz Maximilian"]
[Result "0-1"]
[WhiteElo "2154"]
[BlackElo "2411"]
[PlyCount "54"]
[EventDate "2012.10.01"]
[EventType "swiss"]
[EventRounds "7"]
[EventCountry "FRA"]
[SourceTitle "CBM 150 Extra"]
[Source "ChessBase"]
[SourceDate "2012.10.19"]
[SourceVersion "1"]
[SourceVersionDate "2012.10.19"]
[SourceQuality "1"]

1. Nf3 d6 2. g3 e5 3. d3 f5 4. c4 Nf6 5. Nc3 Be7 6. Bg2 0-0 7. 0-0 Qe8 8. Bd2 Nc6 9. Nd5 Bd8 10. Bc3 Qh5 11. b4 Kh8 12. b5 Nxd5 13. cxd5 Ne7 14. Nd2 f4 15. e4 Bg4 16. Bf3 Bxf3 17. Qxf3 Qe8 18. Qe2 Qxb5 19. Rfb1 Qa6 20. Nc4 b5 21. Nd2 c6 22. d4 Bb6 23. Nf3 fxg3 24. hxg3 cxd5 25. dxe5 Qc8 26. Bb4 Qg4 27. Kg2 dxe4 0-1

[Event "NATO-ch 23nd"]
[Site "Brest"]
[Date "2012.10.02"]
[Round "3"]
[White "Karbowiak, Adam"]
[Black "Mottais, Francois"]
[Result "1-0"]
[WhiteElo "2154"]
[BlackElo "2051"]
[PlyCount "45"]
[EventDate "2012.10.01"]
[EventType "swiss"]
[EventRounds "7"]
[EventCountry "FRA"]
[SourceTitle "CBM 150 Extra"]
[Source "ChessBase"]
[SourceDate "2012.10.19"]
[SourceVersion "1"]
[SourceVersionDate "2012.10.19"]
[SourceQuality "1"]

1. Nf3 d5 2. g3 c5 3. Bg2 Nc6 4. d4 cxd4 5. Nxd4 e5 6. Nxc6 bxc6 7. 0-0 Bc5 8. c4 Ne7 9. Nc3 Be6 10. cxd5 cxd5 11. Qa4+ Bd7 12. Qh4 Bc6 13. b4 Bd4 14. Bb2 Qb6 15. a3 e4 16. b5 Bxc3 17. Bxc3 Bxb5 18. Bxg7 Nf5 19. Qg5 Nxg7 20. Qxg7 Ke7 21. Rab1 Qc6 22. Qe5+ Kd7 23. Bh3+ 1-0

[Event "NATO-ch 23nd"]
[Site "Brest"]
[Date "2012.10.02"]
[Round "2"]
[White "Kocur, Marc"]
[Black "Karbowiak, Adam"]
[Result "0-1"]
[WhiteElo "1891"]
[BlackElo "2154"]
[PlyCount "100"]
[EventDate "2012.10.01"]
[EventType "swiss"]
[EventRounds "7"]
[EventCountry "FRA"]
[SourceTitle "CBM 150 Extra"]
[Source "ChessBase"]
[SourceDate "2012.10.19"]
[SourceVersion "1"]
[SourceVersionDate "2012.10.19"]
[SourceQuality "1"]

1. c4 Nf6 2. g3 g6 3. Bg2 Bg7 4. Nc3 0-0 5. d3 d6 6. e3 c5 7. Nge2 Nc6 8. 0-0 Bf5 9. e4 Bd7 10. h3 a6 11. f4 Rb8 12. a4 Qc7 13. g4 Nd4 14. Nxd4 cxd4 15. Ne2 b5 16. axb5 axb5 17. b3 Bc6 18. Qc2 Nxe4 19. cxb5 Rxb5 20. Ra7 Qxa7 21. Qxc6 Nc3 22. Ng3 Rxb3 23. f5 Rb1 24. fxg6 hxg6 25. Qf3 Qa1 26. Bg5 Rxf1+ 27. Qxf1 Qxf1+ 28. Kxf1 Be5 29. Bxe7 Bxg3 30. Bxf8 Kxf8 31. Bc6 Ke7 32. Kg2 Be1 33. Kf3 Ke6 34. g5 Nd5 35. Ba4 Bd2 36. h4 Nf4 37. Bb5 Be3 38. Ba6 Kf5 39. Bb7 d5 40. Ba6 Ne6 41. Bc8 Ke5 42. Ba6 Nc5 43. Bb5 Ke6 44. Kg4 Nd7 45. Ba4 Ne5+ 46. Kg3 Kd6 47. Bb5 Kc5 48. Be8 Kb4 49. h5 Bxg5 50. hxg6 fxg6 0-1

[Event "Polanica Zdroj op-B 48th"]
[Site "Polanica Zdroj"]
[Date "2012.08.25"]
[Round "8"]
[White "Karbowiak, Adam"]
[Black "Millward, Kevin P"]
[Result "1-0"]
[WhiteElo "2187"]
[BlackElo "1992"]
[PlyCount "75"]
[EventDate "2012.08.18"]
[EventType "swiss"]
[EventRounds "9"]
[EventCountry "POL"]
[SourceTitle "EXT 2014"]
[Source "ChessBase"]
[SourceDate "2013.11.20"]
[SourceVersion "1"]
[SourceVersionDate "2013.11.20"]
[SourceQuality "1"]

1. Nf3 d6 2. g3 g6 3. Bg2 Bg7 4. c4 e5 5. Nc3 Ne7 6. 0-0 0-0 7. d4 Nbc6 8. d5 Nb8 9. e4 h6 10. b4 f5 11. Nd2 Nd7 12. Ba3 Nf6 13. c5 dxc5 14. bxc5 fxe4 15. Ndxe4 Nxe4 16. Bxe4 Nf5 17. Rb1 Rb8 18. c6 Nd6 19. cxb7 Rxb7 20. Rxb7 Bxb7 21. Bxg6 Qf6 22. Be4 Bc8 23. Qe2 Rf7 24. Bg2 Bf5 25. Ne4 Nxe4 26. Bxe4 Bxe4 27. Qxe4 Qf3 28. Qxf3 Rxf3 29. Bc5 Rd3 30. Bxa7 Rxd5 31. Bb8 c5 32. Rc1 Kf7 33. a4 e4 34. a5 Bd4 35. a6 e3 36. a7 exf2+ 37. Kf1 Bb2 38. a8Q 1-0

[Event "Polanica Zdroj op-B 48th"]
[Site "Polanica Zdroj"]
[Date "2012.08.21"]
[Round "4"]
[White "Karbowiak, Adam"]
[Black "Czerw, Dawid"]
[Result "1-0"]
[WhiteElo "2187"]
[BlackElo "1880"]
[PlyCount "99"]
[EventDate "2012.08.18"]
[EventType "swiss"]
[EventRounds "9"]
[EventCountry "POL"]
[SourceTitle "EXT 2014"]
[Source "ChessBase"]
[SourceDate "2013.11.20"]
[SourceVersion "1"]
[SourceVersionDate "2013.11.20"]
[SourceQuality "1"]

1. Nf3 f5 2. d4 Nf6 3. g3 g6 4. Bg2 Bg7 5. 0-0 0-0 6. b3 d6 7. Bb2 Qe8 8. c4 c6 9. Nbd2 Na6 10. a3 Nh5 11. e4 f4 12. Qc2 h6 13. d5 e5 14. b4 c5 15. bxc5 Nxc5 16. Bc3 Bd7 17. Bb4 b6 18. Bxc5 bxc5 19. Rfb1 Qc8 20. Qb3 Rb8 21. Qxb8 Qxb8 22. Rxb8 Rxb8 23. Rb1 Rxb1+ 24. Nxb1 fxg3 25. fxg3 Bf6 26. Nc3 a6 27. Kf2 Bd8 28. Nd2 Nf6 29. Bf3 Ba5 30. Ndb1 Kf7 31. Kg2 Nh7 32. Kf2 Kf6 33. Kf1 Kg7 34. Kf2 h5 35. Kf1 Kh6 36. Kf2 Nf6 37. Kg2 g5 38. Kf2 h4 39. Kg2 Bg4 40. Kf2 Bh3 41. Bd1 Bd7 42. Bf3 hxg3+ 43. hxg3 Kg6 44. Kg2 Ng8 45. Kf2 Ne7 46. Bd1 Nc8 47. Ke3 Nb6 48. Kd3 Bh3 49. Be2 Bg2 50. Nd2 1-0

[Event "POL-chT 2st League"]
[Site "Mrzezyno"]
[Date "2010.09.09"]
[Round "6.62"]
[White "Karbowiak, Adam"]
[Black "Jaroch, Karol"]
[Result "0-1"]
[WhiteElo "2201"]
[BlackElo "2261"]
[PlyCount "99"]
[EventDate "2010.09.04"]
[EventType "team-swiss"]
[EventRounds "9"]
[EventCountry "POL"]
[SourceTitle "EXT 2019"]
[Source "ChessBase"]
[SourceDate "2018.10.10"]
[SourceVersion "1"]
[SourceVersionDate "2018.10.10"]
[SourceQuality "1"]
[WhiteTeam "Grudziadz Rotmistrz II"]
[BlackTeam "Torun AZS UMK"]
[WhiteTeamCountry "POL"]
[BlackTeamCountry "POL"]

1. Nf3 e6 2. g3 f5 3. Bg2 Nf6 4. 0-0 Be7 5. d4 0-0 6. c4 d5 7. Nc3 c6 8. Qc2 Bd7 9. Ne5 Qb6 10. c5 Qb4 11. e3 Qa5 12. Bd2 Qc7 13. b4 Be8 14. a4 Nbd7 15. f4 Bh5 16. b5 Nxe5 17. fxe5 Nd7 18. a5 b6 19. cxb6 axb6 20. Na4 Rfc8 21. Rfc1 c5 22. axb6 Nxb6 23. Nxc5 Rxa1 24. Rxa1 Bxc5 25. dxc5 Qxc5 26. Qxc5 Rxc5 27. Rb1 Be2 28. Bf1 Bxf1 29. Kxf1 Nc4 30. Bc1 Rc7 31. Ke2 Rb7 32. Kd3 Kf7 33. Kd4 Ke7 34. Kc5 Rc7+ 35. Kb4 Kd7 36. Ra1 Nxe5 37. Bd2 Nd3+ 38. Kb3 Rb7 39. Ra5 Ne5 40. Bb4 Nc4 41. Ra6 Rxb5 42. Ra7+ Kc6 43. Rxg7 Rb7 44. Rg8 Nxe3 45. Re8 d4 46. Rxe6+ Kd5 47. Re8 Ng4 48. Rd8+ Ke4 49. Kc4 Ne5+ 50. Kb3 0-1